• 首页
  • 本馆介绍
  • 公告通知
  • 最新文献
  • 馆藏检索
  • 电子资源
  • 读者导购
  • 参考咨询
  • 我的图书馆
  • 登录
  • 详细信息显示
  • 放入我的书架
  • 预约/预借图书
  • 作者相关作品
  • 分类相关作品
  • 丛书相关作品
  • 出版社相关作品

书目信息

  • 表格格式
  • 工作单格式
  • 卡片格式
题名:
毛泽东文艺思想与当代文艺发展
    
 
作者: ;全国毛泽东文艺思想研究会 编
分册:  
出版信息: 长春   吉林大学出版社  2005
页数: 273页
开本: 23cm
丛书名:
单 册:
中图分类: A841.6
科图分类:
主题词: 毛泽东著作--学习 , 毛泽东著作研究
电子资源:
ISBN: 7-5601-3318-5
000 00728nam0 2200205 450
001 0741294036
005 20070704162308.25
010    @a7-5601-3318-5@dCNY28.00
100    @a20070703d2005 km y0chiy0120 ea
101 0  @achi
102    @aCN@b220000
200 1  @a毛泽东文艺思想与当代文艺发展@Amao ze dong wen yi si xiang yu dang dai wen yi fa zhan@f全国毛泽东文艺思想研究会编@Fquan guo mao ze dong wen yi si xiang yan jiu hui bian
210    @a长春@c吉林大学出版社@d2005
215    @a273页@d23cm
606 0  @a毛泽东著作@x学习
606 0  @a毛泽东著作研究
690    @aA841.6@v3
711 02 @a全国毛泽东文艺思想研究会@Aquan guo mao ze dong wen yi si xiang yan jiu hui@4编
801  0 @aCN@bPFT@c20070704
905    @a10447@dA841.6@e110
    
    毛泽东文艺思想与当代文艺发展/全国毛泽东文艺思想研究会编.-长春:吉林大学出版社,2005
    273页;23cm
    
    
    ISBN 7-5601-3318-5:CNY28.00
    
●
相关链接 在E读中查询图书 在五车中查询图书 在当当中查询图书 在豆瓣中查询图书


正题名:毛泽东文艺思想与当代文艺发展     索取号:A841.6/110         预约/预借

序号 登录号 条形码 馆藏地/架位号 状态 备注
1 0762942   207629422   第一样本阅览室/ [索取号:A841.6/110] 在馆    
唐山师范学院图书馆 欢迎您!
大连网信软件有限公司© 版权所有